| 000 -LEADER |
| fixed length control field |
00363nam a22001337a 4500 |
| 008 - FIXED-LENGTH DATA ELEMENTS--GENERAL INFORMATION |
| fixed length control field |
250218b ||||| |||| 00| 0 eng d |
| 082 00 - DEWEY DECIMAL CLASSIFICATION NUMBER |
| Classification number |
823 |
| Item number |
B297 |
| 100 ## - MAIN ENTRY--PERSONAL NAME |
| 9 (RLIN) |
5765 |
| Personal name |
Tilley, H. H. |
| 245 10 - TITLE STATEMENT |
| Title |
East to calicut and other plays |
| 260 ## - PUBLICATION, DISTRIBUTION, ETC. (IMPRINT) |
| Place of publication, distribution, etc |
Bombay: |
| Name of publisher, distributor, etc |
Blackie & Son India Ltd, |
| Date of publication, distribution, etc |
1955. |
| 300 ## - PHYSICAL DESCRIPTION |
| Extent |
116 p. |
| 650 #0 - SUBJECT ADDED ENTRY--TOPICAL TERM |
| Topical term or geographic name as entry element |
English fiction |
| 942 ## - ADDED ENTRY ELEMENTS (KOHA) |
| Item type |
Books |